[Event "9th Niki Open"]
[Site "Nachod CZE"]
[Date "2011.07.06"]
[Round "5.6"]
[White "Sergienko,S"]
[Black "Mojzis,Jar"]
[Result "1-0"]
[WhiteElo "2411"]
[BlackElo "2194"]

1.e4 c5 2.Nf3 d6 3.Bb5+ Bd7 4.Bxd7+ Nxd7 5.O-O Ngf6 6.Qe2 e6 7.b3 Be7 8.Bb2 O-O
9.d4 cxd4 10.Nxd4 Re8 11.c4 Bf8 12.Nc3 a6 13.Kh1 Qc7 14.f4 e5 15.fxe5 Rxe5
16.Qf3 Nc5 17.Nf5 Ree8 18.Nd5 Nxd5 19.Nh6+ Kh8 20.Nxf7+ Kg8 21.exd5 Re7 22.Ng5 h6
23.Nh3 Rae8 24.Nf4 Rf7 25.Qh5 Qd7 26.Qg6 Qf5 27.Qxf5 Rxf5 28.g3 b5 29.cxb5 axb5
30.b4 Na4 31.Bd4 g5 32.Nh5 Rxf1+ 33.Rxf1 Be7 34.Rc1 g4 35.Rc7 Bg5 36.Ng7 Re1+
37.Kg2 Re2+ 38.Kf1 Rd2 39.Ne6 Rxa2 40.Rg7+  1-0

[Event "ch-NOR"]
[Site "Oslo NOR"]
[Date "2011.07.06"]
[Round "5"]
[White "Djurhuus,R"]
[Black "Thomassen,J"]
[Result "0-1"]
[WhiteElo "2459"]
[BlackElo "2400"]

1.e4 c5 2.Nf3 d6 3.Bb5+ Bd7 4.Bxd7+ Qxd7 5.O-O Nf6 6.Qe2 g6 7.c3 Nc6 8.d4 cxd4
9.cxd4 d5 10.e5 Ne4 11.Rd1 Rc8 12.Be3 Bg7 13.Ne1 f6 14.f3 Ng5 15.Nc3 O-O
16.Bxg5 fxg5 17.Qe3 Rf4 18.g3 Rf5 19.g4 Rff8 20.Qxg5 Nd8 21.Qe3 Ne6 22.Ne2 h5
23.h3 Rf7 24.f4 hxg4 25.hxg4 Nxf4 26.Nxf4 Qxg4+ 27.Neg2 Bh6 28.Rf1 Rc2 29.Qf3 Rxf4
30.Qxd5+ Kg7 31.Qxb7 Rxf1+ 32.Kxf1 Qe2+ 33.Kg1 Be3+ 34.Kh2 Qh5+ 35.Kg3 Bf2+
36.Kf4 Qf5+  0-1

[Event "Asian Zonal 3.1 Women"]
[Site "Sharjah UAE"]
[Date "2011.07.06"]
[Round "2"]
[White "Al Zarouni,K"]
[Black "Ghader Pour,S"]
[Result "0-1"]
[WhiteElo "1853"]
[BlackElo "2246"]

1.e4 c5 2.Nf3 d6 3.Bb5+ Nd7 4.O-O Nf6 5.Re1 e6 6.c3 a6 7.Bxd7+ Bxd7 8.d4 cxd4
9.cxd4 Be7 10.Nc3 O-O 11.Qb3 b5 12.a3 Qc7 13.Bg5 h6 14.Bh4 Rfe8 15.Rac1 Qb6
16.e5 Nh7 17.Bxe7 Rxe7 18.Ne4 dxe5 19.dxe5 Bc6 20.Qc3 Bd5 21.Nfd2 Nf8 22.Qc5 Qxc5
23.Rxc5 Rd8 24.Rec1 Ng6 25.Rc8 Rd7 26.Nd6 Rxc8 27.Rxc8+ Kh7 28.f4 Nxf4 29.N2e4 Nd3
30.Nc5 Nxc5 31.Rxc5 f6 32.Ne8 fxe5 33.Rc7 Rxc7 34.Nxc7 Bb7 35.Nxe6 a5 36.b4 axb4
37.axb4 Bc6 38.Nc5 Kg6 39.Kf2 Kf5 40.g3 e4 41.Ke3 Ke5 42.Nb3 Bd7 43.Nd2 Bf5
44.Nb3 Kd5 45.Nd2 h5 46.h4 g6 47.Kf4 Kd4 48.g4 Bxg4 49.Nxe4 Kc4 50.Kg5 Kxb4
51.Kxg6 Kc4 52.Kg5 b4 53.Kf4 b3 54.Nd2+ Kc3 55.Nb1+ Kc2 56.Na3+ Kc1 57.Ke3 b2
58.Kf2 b1=Q 59.Nxb1 Kxb1 60.Kf1 Kc2 61.Ke1 Kd3 62.Kf2 Ke4 63.Kg3 Ke3  0-1

[Event "XXXIV Open"]
[Site "Barbera del Valles ESP"]
[Date "2011.07.07"]
[Round "4"]
[White "Thakur,Ak"]
[Black "Bacallao Alonso,Y"]
[Result "0-1"]
[WhiteElo "2327"]
[BlackElo "2532"]

1.e4 c5 2.Nf3 d6 3.Bb5+ Nd7 4.d4 cxd4 5.Qxd4 a6 6.Bxd7+ Bxd7 7.Nc3 e5 8.Qd3 h6
9.Be3 Nf6 10.a4 Rc8 11.a5 Be6 12.Nd2 d5 13.Bb6 Qd7 14.exd5 Nxd5 15.Nxd5 Qxd5
16.Qxd5 Bxd5 17.O-O-O Bxg2 18.Rhg1 Bh3 19.c3 Bf5 20.Rde1 Bd6 21.Nf3 O-O 22.Nxe5 Rfe8
23.Bd4 f6 24.Nf3 Kf7 25.h4 Be4 26.Nd2 Bd5 27.Rxe8 Rxe8 28.Kd1 h5 29.Re1 Rxe1+
30.Kxe1 Ke6 31.f3 Kf5 32.Kf2 g5 33.Nf1 Bc6 34.Ne3+ Kg6 35.Nc4 Bc7 36.hxg5 fxg5
37.b4 h4 38.Ne3 h3 39.Ng4 h2  0-1

[Event "39th TCh-GRE"]
[Site "Eretria GRE"]
[Date "2011.07.07"]
[Round "6.11"]
[White "Ungure,L"]
[Black "Koutsogiannopoulou,T"]
[Result "1-0"]
[WhiteElo "2101"]
[BlackElo "1829"]

1.e4 c5 2.Nf3 d6 3.Bb5+ Nc6 4.O-O Bd7 5.c3 a6 6.Ba4 b5 7.Bc2 g6 8.h3 Bg7
9.d4 cxd4 10.cxd4 Nf6 11.e5 Nd5 12.exd6 exd6 13.Re1+ Nde7 14.Bg5 f6 15.Bf4 d5
16.Nc3 O-O 17.Bb3 Bc8 18.Ne4 Kh8 19.Nc5 g5 20.Bh2 Rg8 21.Ne6 Qb6 22.Nc7 Ra7
23.Nxd5 Nxd5 24.Bxd5 Rd8 25.Bxc6 Qxc6 26.Rc1 Qd5 27.Qb3 Qxb3 28.axb3 g4 29.hxg4 Bxg4
30.Bc7 Rg8 31.Nh2 Bh5 32.Bb6 Rd7 33.Rc7 Rd6 34.Bc5 Rd5 35.Nf1 f5 36.Ne3 Rdd8
37.Nxf5 Bf8 38.Kf1 Rg5 39.Ng3 Bg6 40.Bxf8 Rxf8 41.Ne4 Rd5 42.Nc5 Rfd8 43.Ne6 Bd3+
44.Kg1 Re8 45.Re3 Rd6 46.Ng5 Rxe3 47.fxe3 Rf6 48.Nf3 h5 49.Rc5 Bg6 50.Ne5 Be4
51.Nd7 Rh6 52.Re5 Bc2 53.b4 h4 54.Nc5 h3 55.gxh3 Rxh3 56.Nxa6 Bd3 57.Nc7 Rf3
58.Kg2 Rf1 59.Nxb5 Bxb5 60.Rxb5 Rb1 61.Rb7 Rxb2+ 62.Kf3 Kg8 63.d5 Kf8 64.e4  1-0

[Event "TCh-TUR 2011"]
[Site "Konya TUR"]
[Date "2011.07.07"]
[Round "11"]
[White "Ciloglu,D"]
[Black "Uzun,S"]
[Result "0-1"]
[WhiteElo "1770"]
[BlackElo "1967"]

1.e4 c5 2.Nf3 d6 3.Bb5+ Nd7 4.d4 Nf6 5.Nc3 cxd4 6.Qxd4 e5 7.Qd3 h6 8.O-O Be7
9.Re1 O-O 10.Bxd7 Bxd7 11.Be3 Be6 12.Rad1 a6 13.Nd2 b5 14.Nd5 Bxd5 15.exd5 Nd7
16.f4 f5 17.fxe5 Nxe5 18.Qe2 Rc8 19.c3 Bf6 20.Nf3 Nxf3+ 21.Qxf3 Be5 22.Bf4 Qf6  0-1

[Event "TCh-TUR 2011"]
[Site "Konya TUR"]
[Date "2011.07.07"]
[Round "11"]
[White "Menzi,N"]
[Black "Abdimanoglu,B"]
[Result "0-1"]
[WhiteElo "1868"]
[BlackElo "1751"]

1.e4 c5 2.Nf3 d6 3.Bb5+ Bd7 4.Bxd7+ Qxd7 5.O-O Nc6 6.c3 Nf6 7.Re1 e6 8.d4 cxd4
9.cxd4 d5 10.e5 Ne4 11.Nbd2 Nxd2 12.Bxd2 Bb4 13.Rc1 Bxd2 14.Qxd2 O-O 15.Rc3 Rac8
16.Ng5 h6 17.Nh3 Ne7 18.Rg3 Nf5 19.Rg4 Qa4 20.b3 Qc6 21.Nf4 Qc2 22.Qa5 Qc3
23.Qxc3 Rxc3 24.Ne2 Rc2 25.a4 Rfc8 26.Kf1 Rd2 27.Rf4 Rcc2 28.g4 g5 29.Rf3 Nxd4
30.Nxd4 Rxd4 31.h3 Kg7 32.Ree3 Rd1+ 33.Kg2 Rcc1 34.Rg3 Rg1+ 35.Kf3 Rxg3+
36.fxg3 f6 37.exf6+ Kxf6 38.h4 e5 39.hxg5+ hxg5 40.Ke2 e4 41.Kd2 Rc6 42.Re2 Ke5
43.Rf2 Rf6 44.Rh2 Kd4 45.Rh5 e3+ 46.Ke2 Rf2+ 47.Ke1 Kd3 48.Rxg5 d4 49.Rf5 Rb2
50.Kf1 e2+ 51.Kf2 Rb1 52.Rf3+ Kd2  0-1

[Event "10th La Fere Open"]
[Site "La Fere FRA"]
[Date "2011.07.07"]
[Round "7.42"]
[White "Durot,E"]
[Black "Blondel,F"]
[Result "1-0"]
[WhiteElo "1693"]
[BlackElo "1541"]

1.e4 c5 2.Nf3 d6 3.Bb5+ Bd7 4.Bxd7+ Nxd7 5.O-O Ngf6 6.Re1 e6 7.c3 Be7 8.d4 cxd4
9.Nxd4 O-O 10.Nd2 a6 11.Nf1 Rc8 12.Ng3 b5 13.Kh1 Ne5 14.h3 Nc4 15.Qe2 Qb6
16.f4 e5 17.Ngf5 Qc7 18.Rf1 Rcd8 19.fxe5 dxe5 20.Bg5 Rd7 21.Nxe7+ Rxe7 22.Bxf6 gxf6
23.Nf5 Kh8 24.Nxe7 Qxe7 25.Qf2 Rd8 26.Qxf6+ Qxf6 27.Rxf6 Rd2 28.Raf1 Nd6
29.R6f2 Rd3 30.Kh2 Kg7 31.Rf3 Rd2 32.R1f2 Rd1 33.Rg3+ Kf8 34.Re3 Nc4 35.Ree2 Rd7
36.b3 Nd6 37.Rd2 Ke7 38.Rfe2 Rc7 39.Rd3 f6 40.Kg1 h6 41.Kf2 Ke6 42.g4 Nf7
43.Ke3 Nd6 44.Red2 Nf7 45.h4 Rc6 46.Rc2 Nd6 47.a3 a5 48.Rb2 a4 49.Kf3 axb3
50.Rxb3 Rc4 51.Rb4 Nxe4 52.Rxc4 bxc4 53.Re3 Nd2+ 54.Ke2 Nb3 55.Rf3 Nc5 56.Ke3 Nd3
57.Rf5 Nf4 58.Rxf4 exf4+ 59.Kxf4 Ke7 60.Kf5 Kf7 61.a4 Ke7 62.a5 Kd7 63.Kxf6 Kc6
64.g5 hxg5 65.hxg5 Kb5 66.g6 Kxa5 67.g7 Ka4 68.Ke5  1-0

[Event "ch-CAN Youth U18"]
[Site "Richmond Hill CAN"]
[Date "2011.07.07"]
[Round "4"]
[White "Martchenko,A"]
[Black "Kleinman,Michael"]
[Result "1/2-1/2"]
[WhiteElo "2227"]
[BlackElo "2221"]

1.e4 c5 2.Nf3 d6 3.Bb5+ Bd7 4.Bxd7+ Qxd7 5.c4 Nf6 6.Nc3 g6 7.d4 cxd4 8.Nxd4 Bg7
9.h3 O-O 10.Be3 Nc6 11.O-O e6 12.Rc1 a6 13.Qe2 Rfd8 14.Rfd1 Qe7 15.Rc2 Nd7
16.Nxc6 bxc6 17.Rcd2 Nc5 18.Bd4 Bxd4 19.Rxd4 e5 20.R4d2 Ne6 21.Qe3 Rab8 22.Ne2 a5
23.Qc3 Qc7 24.Qe3 a4 25.f4 f6 26.f5 Nc5 27.fxg6 hxg6 28.Qh6 Qg7 29.Qxg7+ Kxg7
30.Nc3 Rb4 31.Rxd6 Rc8 32.Rd8 Rxd8 33.Rxd8 Rxc4 34.Ra8  1/2-1/2

[Event "Lev Polugaevsky Mem"]
[Site "Samara RUS"]
[Date "2011.07.07"]
[Round "3"]
[White "Dzhumaev,M"]
[Black "Lukyanov,A"]
[Result "1-0"]
[WhiteElo "2481"]
[BlackElo "2133"]

1.e4 c5 2.Nf3 d6 3.Bb5+ Bd7 4.Bxd7+ Qxd7 5.O-O Nf6 6.e5 dxe5 7.Nxe5 Qc7 8.d4 e6
9.Bf4 Bd6 10.Na3 a6 11.Nac4 O-O 12.Nxd6 Qxd6 13.Ng6 Qxd4 14.Nxf8 Kxf8 15.Be3 Qd5
16.c4 Qxd1 17.Bxc5+ Ke8 18.Rfxd1 Nbd7 19.Bd4 Nh5 20.Rac1 Nf4 21.Kf1 e5 22.Be3 Ne6
23.Rd5 Rc8 24.Rcd1 Rc7 25.c5 f5 26.f3 g6 27.c6 bxc6 28.Ra5 Ke7 29.Rxa6 Nf6
30.Ra7 Nd5 31.Rxc7+ Nexc7 32.Bf2 Ke6 33.Rc1 Kd6 34.Rc4 Nf4 35.Ra4 Ncd5 36.Ra7 h5
37.Rg7 Ke6 38.a4 e4 39.fxe4 fxe4 40.a5 e3 41.Bg3  1-0

[Event "TCh-TUR 2nd League 2011"]
[Site "Konya TUR"]
[Date "2011.07.08"]
[Round "7"]
[White "Aksoy,Ayca"]
[Black "Durmaz,A"]
[Result "1/2-1/2"]
[WhiteElo "1678"]
[BlackElo "1825"]

1.e4 c5 2.Nf3 d6 3.Bb5+ Bd7 4.Bxd7+ Qxd7 5.O-O Nc6 6.c3 Nf6 7.Re1 e6 8.d4 cxd4
9.cxd4 Be7 10.Nc3 O-O 11.Bf4 a6 12.Rc1 Rfc8 13.e5 Ne8 14.d5 Nxe5 15.Bxe5 dxe5
16.Nxe5 Qd8 17.dxe6 fxe6 18.Qb3 Nc7 19.Rcd1 Qe8 20.Qb6 Bf6 21.Nc4 Bxc3 22.bxc3 Qh5
23.Rd7 Ne8 24.Qxe6+ Kh8 25.Ne5 h6 26.Ng6+ Kh7 27.Nf8+ Kh8 28.Ng6+  1/2-1/2

[Event "TCh-TUR 2011"]
[Site "Konya TUR"]
[Date "2011.07.08"]
[Round "12"]
[White "Deviren,E"]
[Black "Coban,Mustafa Mert"]
[Result "1-0"]
[WhiteElo "1927"]
[BlackElo "1580"]

1.e4 c5 2.Nf3 d6 3.Bb5+ Bd7 4.Bxd7+ Qxd7 5.c4 e5 6.O-O g6 7.d3 Bg7 8.Nc3 Ne7
9.Ne1 Nbc6 10.Nc2 O-O 11.a3 f5 12.b4 f4 13.f3 g5 14.Rb1 h5 15.a4 Kf7 16.Ba3 b6
17.Rb2 Rh8 18.Nd5 Rag8 19.Qe2 Bf6 20.a5 Nxd5 21.cxd5 Nd8 22.bxc5 bxc5 23.Rfb1 g4
24.a6 Be7 25.Ne1 h4 26.fxg4 Rxg4 27.Qf3 Rhg8 28.Rc2 Qa4 29.Bb2 Qxa6 30.Ra1 Qb7
31.Bc3 Qc8 32.Rxa7 h3 33.Raa2 Bh4 34.Kf1 R4g5 35.Rcb2 Bg3 36.Kg1 Rh8 37.hxg3 Rxg3
38.Qf1 hxg2 39.Rxg2 Qh3 40.Rxg3 Qh1+ 41.Kf2 fxg3+ 42.Ke2+ Qxf1+ 43.Kxf1 Rh1+
44.Kg2 Rh2+ 45.Kxg3 Rxa2 46.Kf3 Ra3 47.Bd2 c4 48.Bb4 Rb3 49.Bxd6 cxd3 50.Ke3 Kf6
51.Nxd3 Nb7 52.Bxe5+ Ke7 53.Bd4 Nd6 54.Bc5 Kd7 55.Kd4 Nb5+ 56.Kc4 Rc3+ 57.Kxb5 Rxd3
58.Kc4 Rd1 59.e5 Re1 60.Bd4 Rc1+ 61.Kd3 Rd1+ 62.Ke4 Re1+ 63.Be3 Ke7 64.Kd3 Rd1+
65.Bd2 Rb1 66.Bf4 Rd1+ 67.Ke4 Re1+ 68.Kf5 Rf1 69.d6+ Kd7 70.e6+ Kd8 71.Kg5 Re1
72.Kf5 Rf1 73.Kg4 Rd1 74.Kh5 Ke8 75.Kg6 Rg1+ 76.Kf5 Rf1 77.Ke5 Rd1 78.Bg5 Rd3
79.Bf4 Rd1 80.Be3 Re1 81.Kd4 Rd1+ 82.Kc5 Kf8 83.Bg5 Rg1 84.d7 Rxg5+ 85.Kd6  1-0

[Event "9th Niki Open"]
[Site "Nachod CZE"]
[Date "2011.07.08"]
[Round "7.2"]
[White "Kislinsky,A"]
[Black "Bernasek,J"]
[Result "1-0"]
[WhiteElo "2521"]
[BlackElo "2469"]

1.e4 c5 2.Nf3 d6 3.Bb5+ Nc6 4.O-O Bd7 5.Re1 a6 6.Bxc6 Bxc6 7.c3 Nf6 8.d4 Bxe4
9.Bg5 Bd5 10.c4 Bxf3 11.Qxf3 cxd4 12.Qxb7 Qc8 13.Qf3 Nd7 14.Nd2 f6 15.Bh4 e5
16.Nb3 Kf7 17.Qd5+ Kg6 18.Rad1 Nb6 19.Qf3 h6 20.Nxd4 exd4 21.Rxd4 Ra7 22.Ree4 Rf7
23.h3 Rg8 24.c5 Qxc5 25.Qb3 Qc7 26.Rb4 Nd7 27.Rg4+ Kh7 28.Qxf7 Qa5 29.Ra4 Qf5
30.f4 d5 31.Rxa6 h5 32.Rg5  1-0

[Event "WCh-IPCA Open A"]
[Site "Piestany SVK"]
[Date "2011.07.08"]
[Round "8"]
[White "Bernardi,R"]
[Black "Obodchuk,A"]
[Result "1/2-1/2"]
[WhiteElo "2162"]
[BlackElo "2373"]

1.e4 c5 2.Nf3 d6 3.Bb5+ Nd7 4.d4 Nf6 5.Nc3 cxd4 6.Qxd4 a6 7.Bxd7+ Bxd7 8.Bg5 e6
9.e5 dxe5 10.Nxe5 Be7 11.O-O-O Bc6 12.Nxc6 bxc6  1/2-1/2

[Event "XXVI Tadeusza Gniota"]
[Site "Police POL"]
[Date "2011.07.08"]
[Round "4.15"]
[White "Makukins,Maksims"]
[Black "Chlost,M"]
[Result "0-1"]
[WhiteElo "1638"]
[BlackElo "2198"]

1.e4 c5 2.Nf3 d6 3.Bb5+ Nd7 4.Bxd7+ Bxd7 5.O-O Nf6 6.Re1 e5 7.c3 Bc6 8.d3 Be7
9.Qc2 Rc8 10.Na3 b5 11.Bg5 O-O 12.Rad1 Bd7 13.Qb1 Nh5 14.Bxe7 Qxe7 15.d4 c4
16.d5 Bg4 17.Re3 a6 18.h3 Bd7 19.Qc2 Nf4 20.Kh2 f5 21.g3 Nxh3 22.Nh4 f4 23.Ree1 fxg3+
24.fxg3 Rf2+ 25.Qxf2 Nxf2 26.Rd2 Ng4+ 27.Kg2 Qg5 28.Nf3 Qh5 29.Rh1 Ne3+ 30.Kf2 Qxh1  0-1

[Event "Lev Polugaevsky Mem"]
[Site "Samara RUS"]
[Date "2011.07.08"]
[Round "4"]
[White "Popov,Alexey1"]
[Black "Yaksin,O"]
[Result "0-1"]
[WhiteElo "2229"]
[BlackElo "2414"]

1.e4 c5 2.Nf3 d6 3.Bb5+ Nc6 4.h3 Bd7 5.b3 Nf6 6.Qe2 a6 7.Bxc6 Bxc6 8.d3 g6
9.Bb2 Bg7 10.Nbd2 e5 11.a4 b5 12.axb5 axb5 13.O-O O-O 14.Rxa8 Qxa8 15.Ra1 Qb7
16.Qd1 Nd7 17.Qb1 f5 18.Qa2 fxe4 19.dxe4 Bxe4 20.Nxe4 Qxe4 21.Qa7 Qf5 22.Rd1 e4
23.Bxg7 Kxg7 24.Ng5 Kh6 25.Nxe4 Qxe4 26.Qxd7 Qxc2 27.Qxd6 Rxf2 28.Kh1 Qxb3
29.Rd5 Qb1+ 30.Kh2 Qe4 31.Qg3 Qxd5 32.Qxf2 Qd6+ 33.Kh1 b4 34.Qc2 Qd5 35.Kh2 b3
36.Qc3 c4 37.Qf6 Qf5 38.Qd4 g5 39.Qd6+ Kg7 40.Qe7+ Kg6 41.Qe8+ Qf7 42.Qe4+ Kg7
43.Qd4+ Qf6 44.Qd7+ Kh6 45.h4 Qe5+ 46.Kh3 g4+ 47.Qxg4 b2 48.Qf3 b1=Q 49.Qf8+ Kg6
50.Qg8+ Kf6 51.Qh8+ Ke6 52.Qe8+ Kd6 53.Qd8+ Kc5 54.Qf8+ Kd4 55.Qd8+ Ke3 56.g3 Qh1+
57.Kg4 h5+  0-1

[Event "6th Polonia Wroclaw Open A"]
[Site "Wroclaw POL"]
[Date "2011.07.08"]
[Round "7"]
[White "Krupa,J"]
[Black "Tworzydlo,P"]
[Result "1/2-1/2"]
[WhiteElo "1906"]
[BlackElo "2064"]

1.e4 c5 2.Nf3 d6 3.Bb5+ Bd7 4.Bxd7+ Qxd7 5.O-O Nc6 6.c3 Nf6 7.Re1 e5 8.d4 cxd4
9.cxd4 Be7 10.Nc3 O-O 11.Bg5 Rfe8 12.Qd2 Qd8 13.Rad1 h6 14.Bxf6 Bxf6 15.Nd5 Rc8
16.b4 exd4 17.b5 Ne5 18.Nxd4 Nc4 19.Qb4 g6 20.Nxf6+ Qxf6 21.Nf3 Rc5 22.Rd4 Rec8
23.Red1 Qe6 24.h3 a5 25.bxa6 bxa6 26.a4 R8c6 27.Qb8+ Kg7 28.Kh2 Rb6 29.Qa7 Rbc6
30.Kg1 Qe8 31.Rb1 Rc7 32.Rb8 Qc6 33.Qa8 Qxa8 34.Rxa8 Ra5 35.Rd8 Rxa4 36.R8xd6 Ra1+
37.Rd1 Nxd6 38.Rxa1 Nxe4 39.Ne5 Nc5 40.Rc1 Ne6 41.Ra1 Nc5 42.Rc1 f6 43.Nd3 Ne6
44.Ra1 Ra7 45.Ra5 Kf8 46.Kf1 Ke8 47.Nb4 Nc7 48.Ke2 Kd7 49.Kd3 Kd6 50.f4 Ra8
51.g3 Rb8 52.Kc4 Rb5 53.Ra1 Rc5+ 54.Kd3 a5 55.Nc2 Nd5 56.Ra3 h5 57.Kd2 h4
58.f5 gxf5 59.gxh4 Ke5 60.h5 Kf4 61.h6 Rc7 62.Rxa5 Nc3 63.Nd4 Ne4+ 64.Ke2 Ng3+
65.Kf2 Re7 66.Kg2 Ke3 67.Nc6 Rc7 68.Kxg3 f4+ 69.Kg4 Rxc6 70.h7 Rc8 71.Ra3+ Ke4
72.Ra7 f5+ 73.Kg5 f3 74.Re7+ Kd3 75.Rf7 f2 76.Rxf5 Ke2 77.Kg6 f1=Q 78.Rxf1 Kxf1
79.Kg7  1/2-1/2

[Event "SPA Open A"]
[Site "Amsterdam NED"]
[Date "2011.07.09"]
[Round "1"]
[White "Pauw,S"]
[Black "Bezemer,A"]
[Result "0-1"]
[WhiteElo "2115"]
[BlackElo "2348"]

1.e4 c5 2.Nf3 d6 3.Bb5+ Bd7 4.Bxd7+ Qxd7 5.O-O Nf6 6.Re1 Nc6 7.d4 cxd4 8.Nxd4 e6
9.c4 Be7 10.Nc3 O-O 11.b3 a6 12.Ba3 Rfe8 13.Na4 Qc7 14.Rc1 Rad8 15.Bb2 Qa5
16.Nxc6 bxc6 17.Qf3 e5 18.Bc3 Qc7 19.Nb2 Nd7 20.Rcd1 Nc5 21.Nd3 Ne6 22.Qg3 Bf6
23.Kh1 a5 24.Rf1 Ng5 25.Rde1 h6 26.Bd2 d5 27.Bxg5 hxg5 28.Rd1 Qe7 29.Qe3 Qa3  0-1

[Event "38th ch-IND w Challengers"]
[Site "Chennai IND"]
[Date "2011.07.09"]
[Round "10"]
[White "Vaishali,R"]
[Black "Nlv,A"]
[Result "1/2-1/2"]
[WhiteElo "1666"]
[BlackElo "2010"]

1.e4 c5 2.Nf3 d6 3.Bb5+ Bd7 4.Bxd7+ Qxd7 5.Nc3 Nc6 6.d3 e6 7.Be3 Nf6 8.O-O Be7
9.h3 O-O 10.Nh2 d5 11.exd5 exd5 12.Bf4 Qf5 13.Qd2 Nd4 14.g4 Qd7 15.Be5 Nc6
16.f4 d4 17.Bxf6 Bxf6 18.Ne4 Be7 19.f5 f6 20.Rae1 Rae8 21.h4 b6 22.Qf2 Bd8
23.g5 Ne5 24.Qg3 fxg5 25.hxg5 Bc7 26.f6 Kh8 27.fxg7+ Qxg7 28.Nf6 Re7 29.Qh4 Ref7
30.Kh1 Ng6 31.Qg4 Bd8 32.Nh5 Rxf1+ 33.Rxf1 Rxf1+ 34.Nxf1 Qf7 35.Kg1 Ne5 36.Qc8 Qd7
37.Qb8 Qg4+ 38.Nhg3 Qxg5 39.Qc8 Nf3+ 40.Kf2 Nh4 41.Qd7 Qf6+ 42.Kg1 Qe7 43.Qd5 Ng6
44.Ne4 Nf4 45.Qf5 Qg7+ 46.Nfg3 Ne2+ 47.Kg2 Nxg3 48.Nxg3 Bh4 49.Qc8+ Qg8 50.Qxg8+ Kxg8
51.Nf5 Bf6 52.Kf3 Kf8 53.Nd6 Be5 54.Nc4 Bc7 55.Ke4 Kf7 56.Kf5 Bg3 57.Nd2 Bd6
58.Nf3 h6 59.Nd2 a6 60.Nc4 Bc7  1/2-1/2

[Event "St Pauli Open"]
[Site "Hamburg GER"]
[Date "2011.07.09"]
[Round "1.16"]
[White "Kuegel,T"]
[Black "Zacharias,C"]
[Result "1/2-1/2"]
[WhiteElo "2038"]
[BlackElo "2256"]

1.e4 c5 2.Nf3 d6 3.Bb5+ Nd7 4.d4 Nf6 5.e5 Qa5+ 6.Nc3 Ne4 7.Bd2 Nxc3 8.Bxd7+ Bxd7
9.Bxc3 Qa6 10.exd6 Qxd6 11.O-O f6 12.dxc5 Qxc5 13.Bd4 Qc6 14.Qe2 e6 15.c4 Bc5
16.Rfd1 Rd8 17.Bxc5 Qxc5 18.Rd5 Qe7 19.Rd2 Kf7 20.Rad1 Bc8 21.h3 Rhe8 22.Qe4 Kg8
23.Nd4 Rd7 24.Nb5 Rxd2 25.Rxd2 a6 26.Nd6 Rd8 27.Nxc8 Rxc8 28.b3 Rc7  1/2-1/2

[Event "TCh-TUR 2011"]
[Site "Konya TUR"]
[Date "2011.07.09"]
[Round "13"]
[White "Klinova,M"]
[Black "Brunello,M"]
[Result "1-0"]
[WhiteElo "2315"]
[BlackElo "2177"]

1.e4 c5 2.Nf3 d6 3.Bb5+ Bd7 4.Bxd7+ Qxd7 5.c4 Nc6 6.Nc3 g6 7.d4 cxd4 8.Nxd4 Bg7
9.Be3 Nf6 10.f3 O-O 11.Rc1 a6 12.O-O e6 13.Qd2 Rfd8 14.Rfd1 Qe7 15.Re1 Nd7
16.b3 Rac8 17.Na4 Nce5 18.Red1 Bf6 19.Ne2 Nc5 20.Nac3 Nc6 21.Nf4 Ne5 22.Rc2 b6
23.Kh1 Qb7 24.Qe2 Qc6 25.Bd4 Bg7 26.Be3 Bf6 27.Qd2 Qb7 28.Nce2 Be7 29.Nd4 Nc6
30.Nxc6 Qxc6 31.Qe2 Rd7 32.Rcd2 Rcd8 33.h3 Bf6 34.Nd3 Bc3 35.Rc2 Bf6 36.Nb4 Qb7
37.Bf4 Kg7 38.Nd3 Kg8 39.Nf2 Bg7 40.Bg5 f6 41.Bf4 a5 42.Rcd2 Qc6 43.Ng4 h5
44.Ne3 Kf7 45.Nc2 Nb7 46.Nd4 Qc8 47.Be3 Nc5 48.Nb5 Qc6 49.Bf4 Bf8 50.Bg3 Nb7
51.a3 d5 52.cxd5 exd5 53.Rc2 Qe6 54.Nc7 Qe7 55.Rxd5 Kg7 56.Qc4 Kh8 57.Rxd7 Rxd7
58.Nd5 Qe6 59.Qc8 Kg7 60.Rc7 Nc5 61.b4 Rxc7 62.Qxc7+ Nd7 63.Nxb6 Qxb6 64.Qxd7+ Kg8
65.Qd5+  1-0

[Event "XXVI Tadeusza Gniota"]
[Site "Police POL"]
[Date "2011.07.09"]
[Round "5.3"]
[White "Neiksans,A"]
[Black "Kalinitschew,S"]
[Result "1-0"]
[WhiteElo "2495"]
[BlackElo "2431"]

1.e4 c5 2.Nf3 d6 3.Bb5+ Bd7 4.Bxd7+ Nxd7 5.O-O Ngf6 6.Re1 e6 7.b3 Be7 8.Bb2 O-O
9.c4 e5 10.Nc3 Nb8 11.d3 Nc6 12.Nd2 Ne8 13.Nf1 Bg5 14.Nd5 Nc7 15.Nxc7 Qxc7
16.Qh5 Qd8 17.Ne3 g6 18.Qg4 Nb4 19.Qe2 Nc6 20.Rf1 Bh6 21.Nd5 f6 22.Qg4 f5
23.exf5 Rxf5 24.f4 exf4 25.Nxf4 Bxf4 26.Rxf4 Rxf4 27.Qxf4 Qe7 28.Bf6 Qe6
29.Bc3 Rf8 30.Qh6 Nd4 31.Bxd4 cxd4 32.Qd2 Re8 33.Rf1 d5 34.cxd5 Qxd5 35.Qf4 Qd7
36.h3 Qg7 37.Qd6 Qe5 38.Qd7 Kh8 39.Qxb7 Qe3+ 40.Kh2 Qxd3 41.Rf7 g5 42.Qc6  1-0

[Event "6th Polonia Wroclaw Open A"]
[Site "Wroclaw POL"]
[Date "2011.07.09"]
[Round "8"]
[White "Krupa,J"]
[Black "Cukrowski,F"]
[Result "0-1"]
[WhiteElo "1906"]
[BlackElo "2113"]

1.e4 c5 2.Nf3 d6 3.Bb5+ Nc6 4.O-O Bd7 5.Re1 a6 6.Bf1 Nf6 7.c3 Bg4 8.h3 Bh5
9.d3 e6 10.Be3 Be7 11.Nbd2 O-O 12.d4 Bg6 13.Bg5 cxd4 14.Nxd4 d5 15.e5 Nd7
16.Bf4 Nxd4 17.cxd4 Rc8 18.Rc1 Qb6 19.Nb3 a5 20.a4 Rxc1 21.Bxc1 Rc8 22.Bb5 Nb8
23.Qg4 Na6 24.Re3 Nb4 25.Bd2 Rc2 26.Bc3 Qc7 27.Qd1 Bg5 28.Re1 b6 29.g3 Na2
30.Bd3 Bxd3 31.Qxd3 Nb4 32.Qd1 Qc4 33.f4 Qxb3 34.fxg5 Na2 35.Rf1 Nxc3 36.Rf3 Rg2+
37.Kxg2 Qxb2+ 38.Rf2 Nxd1  0-1

[Event "ch-BEL Open"]
[Site "Antwerp BEL"]
[Date "2011.07.10"]
[Round "9.12"]
[White "T'sas,J"]
[Black "Verstraeten,R"]
[Result "1/2-1/2"]
[WhiteElo "1979"]
[BlackElo "2141"]

1.e4 c5 2.Nf3 d6 3.Bb5+ Nd7 4.d4 cxd4 5.Qxd4 a6 6.Bxd7+ Bxd7 7.Nc3 Nf6 8.Bg5 e6
9.O-O-O Be7 10.Rhe1 Bc6 11.e5 dxe5 12.Qxe5 Qb8 13.Bxf6 Bxf6 14.Qxb8+ Rxb8
15.Ne4 Ke7 16.Nd4 Bxe4 17.Rxe4 g6 18.Nf3 Rhd8 19.c3 Rxd1+ 20.Kxd1 Rd8+ 21.Kc2 Bg7
22.h4 f5 23.Rb4 b5 24.a4 Rd5 25.axb5 axb5 26.Nd4 Bxd4 27.Rxd4 Rc5 28.f4 h6
29.b4 Rc6 30.Kb3 Kf6 31.c4 bxc4+ 32.Rxc4 Rd6 33.b5 g5 34.hxg5+ hxg5 35.g3 gxf4  1/2-1/2

[Event "ch-BRU"]
[Site "Bandar Seri Begawan BRU"]
[Date "2011.07.10"]
[Round "6"]
[White "Hj,Azahari Fatimah"]
[Black "Ahmad,Md"]
[Result "0-1"]
[WhiteElo "2066"]
[BlackElo "2075"]

1.e4 c5 2.Nf3 d6 3.Bb5+ Bd7 4.Bxd7+ Qxd7 5.O-O Nc6 6.c3 Nf6 7.Re1 e6 8.d4 cxd4
9.cxd4 d5 10.e5 Ne4 11.Nbd2 Nxd2 12.Bxd2 Be7 13.Rc1 O-O 14.a3 a5 15.Rc3 Rac8
16.Rd3 h6 17.g4 Rc7 18.g5 h5 19.Nh4 g6 20.Ng2 b5 21.Nf4 Kg7 22.h4 b4 23.Nxh5+ gxh5
24.Qxh5 Rh8 25.Qg4 Kg6 26.Rf3 Rh7 27.h5+ Kg7 28.h6+ Kh8 29.g6 fxg6 30.Qxg6 Rc8
31.Rf7 Rxf7 32.Qxf7 Rg8+ 33.Kf1 Nxd4 34.axb4 Qb5+  0-1

[Event "ch-BRU"]
[Site "Bandar Seri Begawan BRU"]
[Date "2011.07.10"]
[Round "7"]
[White "Ahmad,Md"]
[Black "Hj Kura,A"]
[Result "0-1"]
[WhiteElo "2075"]
[BlackElo "2298"]

1.e4 c5 2.Nf3 d6 3.Bb5+ Bd7 4.Bxd7+ Nxd7 5.O-O Ngf6 6.Qe2 Qc7 7.c3 e6 8.d4 Be7
9.Bg5 O-O 10.Nbd2 h6 11.Bh4 Rac8 12.c4 cxd4 13.Nxd4 a6 14.b3 Nc5 15.f3 Rfe8
16.Bf2 Nfd7 17.Rad1 Bf6 18.f4 e5 19.fxe5 Bxe5 20.Rfe1 Nf6 21.Qf3 Ne6 22.Nf5 Ng5
23.Qd3 Ng4 24.Bg3 Qc5+  0-1

[Event "38th ch-IND w Challengers"]
[Site "Chennai IND"]
[Date "2011.07.10"]
[Round "11"]
[White "Nisha,N"]
[Black "Sushmitha,G"]
[Result "1-0"]
[WhiteElo "1812"]
[BlackElo "1651"]

1.e4 c5 2.Nf3 d6 3.Bb5+ Bd7 4.Bxd7+ Qxd7 5.O-O Nc6 6.c3 Nf6 7.Re1 e6 8.d4 cxd4
9.cxd4 d5 10.e5 Ne4 11.Nbd2 Nxd2 12.Bxd2 Be7 13.Rc1 O-O 14.Rc3 Rac8 15.a3 a6
16.Rd3 Qe8 17.Ng5 h6 18.Nh3 f6 19.exf6 Rxf6 20.Nf4 Qf7 21.Qg4 Nd8 22.Nxd5 exd5
23.Qxc8 Rxf2 24.Qd7 Nc6 25.Qxb7 Qf5 26.Be3 Rxg2+ 27.Kxg2 Qe4+ 28.Kg1 Qg6+
29.Bg5 Qxd3 30.Qxc6 Qxd4+ 31.Be3 Qg4+ 32.Kf1 Qf3+ 33.Bf2 Qh1+ 34.Ke2 Qe4+
35.Be3 Bg5 36.Qc3 Qg2+ 37.Kd1 Qf3+ 38.Kc1 Bf6 39.Qc8+ Kh7 40.Qc2+ Kg8 41.Qg6 Kf8
42.Bc5+ Be7 43.Bxe7+ Kg8 44.Bd6 d4 45.Re8+ Qf8 46.Rxf8+  1-0

[Event "St Pauli Open"]
[Site "Hamburg GER"]
[Date "2011.07.10"]
[Round "2.34"]
[White "Luther,T"]
[Black "Powierski,E"]
[Result "1-0"]
[WhiteElo "2515"]
[BlackElo "2019"]

1.e4 c5 2.Nf3 d6 3.Bb5+ Bd7 4.Bxd7+ Qxd7 5.c4 Nc6 6.d4 cxd4 7.Nxd4 Nf6 8.Nc3 g6
9.f3 Bg7 10.Be3 O-O 11.O-O a6 12.a4 Rac8 13.b3 Rfd8 14.Nde2 Qc7 15.Rc1 Nd7
16.Nd5 Qb8 17.a5 e6 18.Nb6 Nxb6 19.Bxb6 Rd7 20.f4 Ne7 21.Ng3 d5 22.f5 gxf5
23.exf5 exf5 24.Nxf5 Nxf5 25.Rxf5 d4 26.Qg4 Rd6 27.Rcf1 Rg6 28.Qf3 Re8 29.Rxf7 Qe5
30.Rd7 Qe3+ 31.Qxe3 dxe3 32.Bxe3 Rxe3 33.Rd8+ Bf8 34.Rdxf8+ Kg7 35.R8f7+ Kh6
36.Rxb7 Re2 37.g3 Rd6 38.Rb6  1-0

[Event "5th LCT Open A"]
[Site "Leiden NED"]
[Date "2011.07.10"]
[Round "3"]
[White "Van den Doel,E"]
[Black "Van Dongen,C1"]
[Result "1-0"]
[WhiteElo "2574"]
[BlackElo "2381"]

1.e4 c5 2.Nf3 d6 3.Bb5+ Nd7 4.d4 cxd4 5.Qxd4 a6 6.Bxd7+ Bxd7 7.Nc3 e5 8.Qd3 h6
9.Nd2 Rc8 10.Nc4 Qc7 11.Ne3 Nf6 12.Bd2 Be7 13.O-O-O Be6 14.Kb1 b5 15.f3 Qb7
16.Bc1 Rc5 17.g4 g6 18.h4 b4 19.Na4 Ra5 20.b3 h5 21.g5 Nd7 22.Nb2 Nb6 23.f4 exf4
24.Nec4 Nxc4 25.Nxc4 Bxc4 26.Qxc4 O-O 27.Rd5 Rxd5 28.exd5 f6 29.Qe4 Kh7 30.Bxf4 Qd7
31.Re1 Bd8 32.Qxb4 fxg5 33.Bxd6 a5 34.Qc5 Re8 35.Rxe8 Qxe8 36.hxg5 Bxg5 37.Qxa5 Bf6
38.Qa7+ Kh6 39.Qf2 Qd8 40.Bh2 Bg7 41.d6 Kh7 42.Qd2 Qf6 43.c3 Qf1+ 44.Kb2 Bh6
45.Qc2 Qh3 46.a4 Bg7 47.Bf4 Qg4 48.Qd2 Bf6 49.d7 Bd8 50.b4 g5 51.Be3 h4 52.a5 h3
53.a6 Qe4 54.a7  1-0